Europe - tile select - Statistics

General Stats
  • This quiz has been taken 15 times
  • The average score is 38 of 45
Answer Stats
Question Tile Select % Correct
European capitals berlin Yes
100%
European capitals madrid Yes
100%
European capitals paris Yes
100%
European empires Abbasid caliphate No
93%
European monarch families Ashikaga No
93%
Countries of Europe bulgaria Yes
93%
European landmarks Eiffel tower Yes
93%
Countries of Europe germany Yes
93%
European monarch families goryeo No
93%
European monarch families habsburg Yes
93%
Countries of Europe jamaica No
93%
Countries of Europe kenya No
93%
European capitals kingston No
93%
European landmarks leaning tower of pisa Yes
93%
European capitals marseille No
93%
Countries of Europe mongolia No
93%
Countries of Europe romania Yes
93%
Countries of Europe Spain Yes
93%
European empires Spanish Empire Yes
93%
European landmarks stonehenge Yes
93%
European landmarks taj mahal No
93%
European monarch families tang No
93%
Countries of Europe tunisia No
93%
European capitals barcelona No
87%
European empires Carthaginian Empire No
87%
European landmarks great pyramid of giza No
87%
European capitals jakarta No
87%
European landmarks leshan great buddha No
87%
European landmarks Luxor temple No
87%
European capitals manchester No
87%
European empires Roman Empire Yes
87%
European landmarks skeleton coast No
87%
European monarch families sui No
87%
European monarch families windsor Yes
87%
European monarch families chera No
80%
European empires Empire of Charlemagne Yes
80%
European empires Persian Empire No
80%
European capitals skopje Yes
80%
European monarch families hanover Yes
73%
European landmarks parthenon Yes
73%
European empires Fourth French Empire Yes
67%
European empires Empire of Malta No
60%
European empires Empire of Scotland No
53%
European monarch families bourgeoisie Yes
40%
Countries of Europe malta No
0%
No matching quizzes found
Score Distribution
Percent of People with Each Score
Percentile by Number Answered
Your Score History
You have not taken this quiz